| 000 | 01259nam a2200325 c 4500 | ||
|---|---|---|---|
| 003 | BLK | ||
| 005 | 20181005125256.0 | ||
| 008 | 180410b bul|||||r ||||||| ||bul|| | ||
| 010 | _aKNG00153269000 | ||
| 020 |
_a978-954-529-945-2 _bиздат.: Колибри |
||
| 040 | _aBLK | ||
| 041 |
_aBUL _cBUL |
||
| 072 | 7 |
_2bullib _aН83 _xЧужда художествена литература Н |
|
| 080 |
_aАржентинска литература _b821.134.2(82) _x-4(081.2) _z821.134.2(82)-4(081.2) |
||
| 100 | 1 |
_aБорхес, Хорхе Луис _eпърви автор _941925 |
|
| 700 | 1 |
_aЗлаткова, Анна Асенова _eпрев. от исп. _9371891 |
|
| 139 |
_aБорхес, Хорхе Луис _bБ 67 |
||
| 245 | 1 | 0 |
_aИзбрани есета _cХорхе Луис Борхес; прев. от исп. Анна Асенова Златкова. |
| 257 | _aARG | ||
| 260 |
_аСофия _bКолибри _c2011 _fСофия : Симолини |
||
| 300 |
_a308 с. _c20 см |
||
| 380 | _aX | ||
| 500 | _aОриг. загл. Obras Completas / Jorge Luis Borges | ||
| 659 | _aН | ||
| 852 | _aЦб 266395 | ||
| 856 | 4 |
_qpdf _u |
|
| 856 | 4 |
_qpdf _u |
|
| 942 |
_cKNG _n0 _02 |
||
| 944 |
_aCR _c14.11.2013 _kГеновева_Генчева |
||
| 944 |
_aED _c07.08.2014 _k |
||
| 999 |
_c147061 _d147061 |
||